000 00591nam a22001937a 4500
999 _c61814
_d61814
003 Ge_BSU
005 20240516163726.0
008 240516s2004 enk||||| |||| 00| 0 eng d
020 _a9780781736503x
041 _aeng
080 _a616.15 W-70
245 _aWintrobe's Clinical Hematology : Volume 2.
_b
_c
250 _aEleventh Edition
264 _aPhiladelphia:
_bLippincott Williams & Wilkins,
_c2004.
300 _a2706 p.;
_b29 cm.
653 _aკლინიკური ჰემატოლოგია
653 _aმრდიცინა
942 _2udc
_cᲬᲘᲒᲜᲘ